000 00694nam a2200217Ia 4500
003 GCL
008 140319s9999 xx 000 0 ara d
040 _aGCL /
_cGCL
082 0 4 _a322.42
_bف ا
100 1 _aفؤاد علام
245 1 0 _aالاخوان وانا : من المنشية الى المنصة /
_cفؤاد علام
300 _a575 ص
490 _aالهيئة العامة للاستعلامات
_v0
650 0 4 _aالاحوال السياسية
650 0 4 _aالسياسة
650 0 4 _aثورة 23 يوليو 1952
650 0 4 _aالنظم السياسية
650 0 4 _aالاخوان المسلمون
650 0 4 _aجمال عبدالناصر
942 _2ddc
_cBK
999 _c51966
_d51966